000 00867 a2200217 4500
005 20080912155459.0
008 080912t xxu||||| |||| 00| 0 eng d
010 _aENG-87758
020 _c575.00
_a8189901044
035 _aEN-71291
037 _bD.B.Act / Pub
082 _a954.083
100 _aSingh, Reetu
245 _aRevolt of 1857 in Bijnor
_cby Reetu Singh
260 _aDelhi
_bAcademic Excellence
_c2007
270 _a42, Ekta Appartments, Geeta Colony
_bDelhi
_e110031
_k011-22445526, 011-22453953, 09811892244
_minfo@indianacademicpublisher.com
300 _avii, 238 p.
_c22 cm. (Hb).
500 _aIncludes index
942 _adpl
_cEN
_k954.083 / SIN
_2ddc
_h954.083
_mSIN
999 _c6886
_d6886